A short guide to writing about biology / (Record no. 11648)

MARC details
000 -LEADER
fixed length control field 01048cam a2200313 a 4500
001 - CONTROL NUMBER
control field 15700838
003 - CONTROL NUMBER IDENTIFIER
control field MUT
005 - DATE AND TIME OF LATEST TRANSACTION
control field 20240606081204.0
008 - FIXED-LENGTH DATA ELEMENTS--GENERAL INFORMATION
fixed length control field 090415s2010 nyua b 001 0 eng
010 ## - LIBRARY OF CONGRESS CONTROL NUMBER
LC control number 2009015281
020 ## - INTERNATIONAL STANDARD BOOK NUMBER
International Standard Book Number 9780205667277
020 ## - INTERNATIONAL STANDARD BOOK NUMBER
International Standard Book Number 0205667279
035 ## - SYSTEM CONTROL NUMBER
System control number (OCoLC)ocn318672878
040 ## - CATALOGING SOURCE
Transcribing agency MUT
050 00 - LIBRARY OF CONGRESS CALL NUMBER
Classification number QH 304
Item number .P43 2010
082 00 - DEWEY DECIMAL CLASSIFICATION NUMBER
Classification number 808/.06657
Edition information 22
100 1# - MAIN ENTRY--PERSONAL NAME
Personal name Pechenik, Jan A.
245 12 - TITLE STATEMENT
Title A short guide to writing about biology /
250 ## - EDITION STATEMENT
Edition statement 7th ed.
260 ## - PUBLICATION, DISTRIBUTION, ETC.
Place of publication, distribution, etc. New York :
Name of publisher, distributor, etc. Longman,
Date of publication, distribution, etc. c2010.
300 ## - PHYSICAL DESCRIPTION
Extent xvi, 288 p. :
Other physical details ill. ;
Dimensions 22 cm.
490 0# - SERIES STATEMENT
Series statement The short guide series
504 ## - BIBLIOGRAPHY, ETC. NOTE
Bibliography, etc. note Includes bibliographical references (p. 279-280) and index.
650 #0 - SUBJECT ADDED ENTRY--TOPICAL TERM
Topical term or geographic name entry element Biology
General subdivision Authorship.
650 #0 - SUBJECT ADDED ENTRY--TOPICAL TERM
Topical term or geographic name entry element Report writing.
906 ## - LOCAL DATA ELEMENT F, LDF (RLIN)
a 7
b cbc
c orignew
d 1
e ecip
f 20
g y-gencatlg
942 ## - ADDED ENTRY ELEMENTS (KOHA)
Source of classification or shelving scheme Library of Congress Classification
Koha item type Books
Holdings
Withdrawn status Lost status Source of classification or shelving scheme Damaged status Not for loan Home library Current library Shelving location Date acquired Source of acquisition Total checkouts Full call number Barcode Date last seen Price effective from Koha item type
    Library of Congress Classification     Murang'a University of Technology Library Murang'a University of Technology Library General stacks 14/09/2017 Donation-TFC   QH304 .P43 2010 012300 30/08/2024 14/09/2017 Books
    Library of Congress Classification     Murang'a University of Technology Library Murang'a University of Technology Library General stacks 02/11/2017 Donation-TFC   QH304 .P43 2010 016219 30/08/2024 02/11/2017 Books
    Library of Congress Classification     Murang'a University of Technology Library Murang'a University of Technology Library General stacks 01/12/2017 Donation-TFC   QH304 .P43 2010 017369 30/08/2024 01/12/2017 Books
    Library of Congress Classification     Murang'a University of Technology Library Murang'a University of Technology Library General stacks 19/02/2018 Donation-TFC   QH304 .P43 2010 018668 19/02/2018 19/02/2018 Books
    Library of Congress Classification     Murang'a University of Technology Library Murang'a University of Technology Library General stacks 20/04/2018 Donation-TFC   QH 304 .P43 2010 020626 30/08/2024 20/04/2018 Books
    Library of Congress Classification     Murang'a University of Technology Library Murang'a University of Technology Library General stacks 11/06/2018 Donation-TFC   QH 304 .P43 2010 021901 30/08/2024 11/06/2018 Books
    Library of Congress Classification     Murang'a University of Technology Library Murang'a University of Technology Library General stacks 18/06/2018 Donation-TFC   QH 304 .P43 2010 022198 30/08/2024 18/06/2018 Books
    Library of Congress Classification     Murang'a University of Technology Library Murang'a University of Technology Library General stacks 06/07/2018 Donation from-TFC   QH 304 .P43 2010 022740 06/07/2018 06/07/2018 Books
    Library of Congress Classification     Murang'a University of Technology Library Murang'a University of Technology Library General stacks 13/03/2019 Donation-TFC   QH 304 .P43 2010 025389 13/03/2019 13/03/2019 Books
    Library of Congress Classification     Murang'a University of Technology Library Murang'a University of Technology Library General stacks 18/12/2025 Donation TFC   QH 304 .P43 2013 032409 18/12/2025 18/12/2025 Books